000 00271nam a22001217a 4500
082 _a030
_bFEI/B
100 _aFEIBLEMAN PETER S.
245 _aTHE BAYOUS
260 _aALEXANDRIA
_bTIME LIFE BOOKS
300 _a184
650 _aGENERAL KNOWLEDGE
_zALEXANDRIA
942 _cBK
999 _c2929
_d2929